Statistics for 15 biggest Australian cities

Click here to take the quiz!

General Stats

  • This quiz has been taken 24 times
  • The average score is 12 of 15

Answer Stats

HintAnswers% Correct
SAAdelaide
100%
QLDBrisbane
100%
QLDGold Coast
100%
VICMelbourne
100%
WAPerth
100%
NSWSydney
100%
ACTCanberra
90%
NTDarwin
90%
TASHobart
86%
NSWNewcastle
81%
QLDCairns
67%
QLDTownsville
48%
NSWWollongong
48%
VICGeelong
43%
QLDSunshine Coast
43%

Score Distribution

Percentile by Number Answered

Percent of People with Each Score

Your Score History

You have not taken this quiz